000 00664nam a2200253Ia 4500
003 OSt
005 20220912151743.0
006 a|||||r|||| 00| 0
007 ta
008 220909b |||||||| |||| 00| 0 eng d
024 _a63997
037 _cTextual
040 _aCSL
_beng
_cCSL
041 _aeng
082 _aG11:E, J9-;1
100 _aCasselman W G B
245 0 _aHistochemical technique
260 _aLondon
_bMethuen and Co.
_c1959
300 _a205p.
_ccm.
490 _aMethun's monographs on biological subjects; 17
650 _aBiology
942 _hG11:E, J9-;1
_cTEXL
_2CC
999 _c74570
_d74570